000 00691nam a22002057a 4500
003 OSt
005 20251024022452.0
008 251024b |||||||| |||| 00| 0 eng d
020 _a978-621-0427-448
040 _aDWCL-Main lib
_cOC
082 _aFil. 372.6 R266c 2021
100 _aReyes, Rodolfo G.
245 _aA course module for teaching English in the elementary grades:
_blanguage arts/
_cRodolfo G. Reyes
260 _aManila:
_bRex Bookstore,
_cc2021
300 _avi, 142 pages :
_billustrations ;
_c25cm.
504 _aIncludes bibliographical references
650 _a1. Applied linguistics
650 _a2. Language arts (Elementary)
942 _2ddc
_cBK - FIL
_kFil.
_n0
999 _c5088
_d5088